000 00690cam a22002413a 4500
001 27261
003 PGUSA
005 20140828083605.0
008 081114s2008||||xxu|||||s|||||000 1 eng d
040 _aPGUSA
_beng
042 _adc
050 4 _aPS
100 1 _aHecht, Ben,
_d1894-1964
245 1 0 _aFantazius Mallare :
_bA Mysterious Oath
_h[electronic resource] /
_cBen Hecht
260 _bProject Gutenberg,
_c2008
506 _aPublic domain in the USA.
516 _aElectronic text
653 _aGothic fiction (Literary genre)
700 1 _aSmith, Wallace,
_d1888-1937
830 0 _aProject Gutenberg
_v27261
856 4 0 _uhttp://www.gutenberg.org/ebooks/27261
942 _cEB
999 _c256516
_d256516